<?xml version="1.0" encoding="UTF-8"?>
<record
    xmlns:xsi="http://www.w3.org/2001/XMLSchema-instance"
    xsi:schemaLocation="http://www.loc.gov/MARC21/slim http://www.loc.gov/standards/marcxml/schema/MARC21slim.xsd"
    xmlns="http://www.loc.gov/MARC21/slim">

  <leader>01076nam a22001937a 4500</leader>
  <controlfield tag="005">20240319111051.0</controlfield>
  <datafield tag="010" ind1=" " ind2=" ">
    <subfield code="a">B-757574-578</subfield>
  </datafield>
  <datafield tag="020" ind1=" " ind2=" ">
    <subfield code="a">9789383725229</subfield>
    <subfield code="c">795.00</subfield>
  </datafield>
  <datafield tag="035" ind1=" " ind2=" ">
    <subfield code="a">B-757574-578</subfield>
  </datafield>
  <datafield tag="037" ind1=" " ind2=" ">
    <subfield code="b">&#x915;&#x932;&#x94D;&#x92A;&#x928;&#x93E; &#x92A;&#x94D;&#x930;&#x915;&#x93E;&#x936;&#x928; </subfield>
  </datafield>
  <datafield tag="082" ind1=" " ind2=" ">
    <subfield code="a">780.954</subfield>
  </datafield>
  <datafield tag="100" ind1=" " ind2=" ">
    <subfield code="a">&#x909;&#x91C;&#x94D;&#x91C;&#x935;&#x932;</subfield>
    <subfield code="9">63542</subfield>
  </datafield>
  <datafield tag="245" ind1=" " ind2=" ">
    <subfield code="a">&#x92D;&#x93E;&#x930;&#x924;&#x940;&#x92F; &#x938;&#x902;&#x917;&#x940;&#x924; /</subfield>
    <subfield code="c">&#x909;&#x91C;&#x94D;&#x91C;&#x935;&#x932;</subfield>
  </datafield>
  <datafield tag="260" ind1=" " ind2=" ">
    <subfield code="a">&#x926;&#x93F;&#x932;&#x94D;&#x932;&#x940;</subfield>
    <subfield code="b">&#x915;&#x932;&#x94D;&#x92A;&#x928;&#x93E; &#x92A;&#x94D;&#x930;&#x915;&#x93E;&#x936;&#x928; </subfield>
    <subfield code="c">2023</subfield>
  </datafield>
  <datafield tag="270" ind1=" " ind2=" ">
    <subfield code="a">&#x92C;&#x940;-1770,&#x91C;&#x939;&#x93E;&#x901;&#x917;&#x940;&#x930; &#x92A;&#x941;&#x930;&#x940;,(&#x928;&#x91C;&#x926;&#x940;&#x915; &#x938;&#x94D;&#x91F;&#x947;&#x91F; &#x92C;&#x948;&#x902;&#x915; &#x911;&#x92B;&#x93C;  &#x907;&#x902;&#x923;&#x94D;&#x921;&#x93F;&#x92F;&#x93E;),</subfield>
    <subfield code="b">&#x926;&#x93F;&#x932;&#x94D;&#x932;&#x940;</subfield>
    <subfield code="e">110033</subfield>
  </datafield>
  <datafield tag="300" ind1=" " ind2=" ">
    <subfield code="a">232&#x92A;&#x943;.</subfield>
    <subfield code="c">23&#x938;&#x947;&#x92E;&#x940; (&#x938;&#x91C;&#x93F;&#x932;&#x94D;&#x926;)</subfield>
  </datafield>
  <datafield tag="942" ind1=" " ind2=" ">
    <subfield code="2">ddc</subfield>
    <subfield code="c">HN</subfield>
    <subfield code="h">780.954</subfield>
    <subfield code="m">&#x909;&#x91C;&#x94D;&#x91C;&#x935;</subfield>
  </datafield>
  <datafield tag="999" ind1=" " ind2=" ">
    <subfield code="c">200976</subfield>
    <subfield code="d">200976</subfield>
  </datafield>
  <datafield tag="952" ind1=" " ind2=" ">
    <subfield code="0">0</subfield>
    <subfield code="1">0</subfield>
    <subfield code="4">0</subfield>
    <subfield code="7">0</subfield>
    <subfield code="8">NFIC</subfield>
    <subfield code="a">L</subfield>
    <subfield code="b">L</subfield>
    <subfield code="d">2024-03-19</subfield>
    <subfield code="e">&#x915;&#x932;&#x94D;&#x92A;&#x928;&#x93E; &#x92A;&#x94D;&#x930;&#x915;&#x93E;&#x936;&#x928;/3/11.1.24/89/9.1.24/16.1.24</subfield>
    <subfield code="g">795.00</subfield>
    <subfield code="l">10</subfield>
    <subfield code="m">14</subfield>
    <subfield code="o">780.954 &#x909;&#x91C;&#x94D;&#x91C;&#x935;</subfield>
    <subfield code="p">B-757574</subfield>
    <subfield code="r">2026-05-11 15:21:51</subfield>
    <subfield code="s">2026-04-29</subfield>
    <subfield code="t">1</subfield>
    <subfield code="v">795.00</subfield>
    <subfield code="w">2024-03-19</subfield>
    <subfield code="y">HN</subfield>
  </datafield>
  <datafield tag="952" ind1=" " ind2=" ">
    <subfield code="0">0</subfield>
    <subfield code="1">0</subfield>
    <subfield code="4">0</subfield>
    <subfield code="7">0</subfield>
    <subfield code="8">NFIC</subfield>
    <subfield code="a">AV</subfield>
    <subfield code="b">AV</subfield>
    <subfield code="d">2024-03-19</subfield>
    <subfield code="e">&#x915;&#x932;&#x94D;&#x92A;&#x928;&#x93E; &#x92A;&#x94D;&#x930;&#x915;&#x93E;&#x936;&#x928;/3/11.1.24/89/9.1.24/16.1.24</subfield>
    <subfield code="g">795.00</subfield>
    <subfield code="l">0</subfield>
    <subfield code="o">780.954 &#x909;&#x91C;&#x94D;&#x91C;&#x935;</subfield>
    <subfield code="p">B-757575</subfield>
    <subfield code="r">2024-03-19 00:00:00</subfield>
    <subfield code="t">1</subfield>
    <subfield code="v">795.00</subfield>
    <subfield code="w">2024-03-19</subfield>
    <subfield code="y">HN</subfield>
  </datafield>
  <datafield tag="952" ind1=" " ind2=" ">
    <subfield code="0">0</subfield>
    <subfield code="1">0</subfield>
    <subfield code="4">0</subfield>
    <subfield code="7">0</subfield>
    <subfield code="8">NFIC</subfield>
    <subfield code="a">BL1</subfield>
    <subfield code="b">BL1</subfield>
    <subfield code="d">2024-03-19</subfield>
    <subfield code="e">&#x915;&#x932;&#x94D;&#x92A;&#x928;&#x93E; &#x92A;&#x94D;&#x930;&#x915;&#x93E;&#x936;&#x928;/3/11.1.24/89/9.1.24/16.1.24</subfield>
    <subfield code="g">795.00</subfield>
    <subfield code="l">0</subfield>
    <subfield code="o">780.954 &#x909;&#x91C;&#x94D;&#x91C;&#x935;</subfield>
    <subfield code="p">B-757576</subfield>
    <subfield code="r">2024-03-19 00:00:00</subfield>
    <subfield code="t">1</subfield>
    <subfield code="v">795.00</subfield>
    <subfield code="w">2024-03-19</subfield>
    <subfield code="y">HN</subfield>
  </datafield>
  <datafield tag="952" ind1=" " ind2=" ">
    <subfield code="0">0</subfield>
    <subfield code="1">0</subfield>
    <subfield code="4">0</subfield>
    <subfield code="7">0</subfield>
    <subfield code="8">NFIC</subfield>
    <subfield code="a">ZLS</subfield>
    <subfield code="b">ZLS</subfield>
    <subfield code="d">2024-03-19</subfield>
    <subfield code="e">&#x915;&#x932;&#x94D;&#x92A;&#x928;&#x93E; &#x92A;&#x94D;&#x930;&#x915;&#x93E;&#x936;&#x928;/3/11.1.24/89/9.1.24/16.1.24</subfield>
    <subfield code="g">795.00</subfield>
    <subfield code="l">0</subfield>
    <subfield code="o">780.954 &#x909;&#x91C;&#x94D;&#x91C;&#x935;</subfield>
    <subfield code="p">B-757577</subfield>
    <subfield code="r">2024-03-19 00:00:00</subfield>
    <subfield code="t">1</subfield>
    <subfield code="v">795.00</subfield>
    <subfield code="w">2024-03-19</subfield>
    <subfield code="y">HN</subfield>
  </datafield>
  <datafield tag="952" ind1=" " ind2=" ">
    <subfield code="0">0</subfield>
    <subfield code="1">0</subfield>
    <subfield code="4">0</subfield>
    <subfield code="7">0</subfield>
    <subfield code="8">NFIC</subfield>
    <subfield code="a">BL4</subfield>
    <subfield code="b">L</subfield>
    <subfield code="d">2024-03-19</subfield>
    <subfield code="e">&#x915;&#x932;&#x94D;&#x92A;&#x928;&#x93E; &#x92A;&#x94D;&#x930;&#x915;&#x93E;&#x936;&#x928;/3/11.1.24/89/9.1.24/16.1.24</subfield>
    <subfield code="g">795.00</subfield>
    <subfield code="l">0</subfield>
    <subfield code="o">780.954 &#x909;&#x91C;&#x94D;&#x91C;&#x935;</subfield>
    <subfield code="p">B-757578</subfield>
    <subfield code="r">2024-03-19 00:00:00</subfield>
    <subfield code="t">1</subfield>
    <subfield code="v">795.00</subfield>
    <subfield code="w">2024-03-19</subfield>
    <subfield code="y">HN</subfield>
  </datafield>
</record>
